| 000 | 01081cab a22002055a 4500 | ||
|---|---|---|---|
| 001 | L139622 | ||
| 008 | 070731e20070727xxk f s 000 0 eng d | ||
| 035 | _a(Sirsi) u139622 | ||
| 041 | 0 | _aeng | |
| 100 | 1 | _aRoss, Jonathan | |
| 245 | 0 | 0 | _aCase news |
| 260 | _c2007 | ||
| 490 |
_aProperty Week _v72(30) 27 July 2007, 94(1) |
||
| 520 | _aExamines the case of Dashwood V Fleurets. D had instructed F to sell her pub. She later cancelled the instruction and appointed another agent. A potential buyer approached F when they were the agent, but no deal was made. He later purchased it through the new agent. F's contract with D stipulated that commission was payable on an introduction. "Held": Due to the introduction clause in the contract, F was due commission. This shows that estate agents can recover commission even when they are not the effective cause of the sale of the property. | ||
| 590 | _aKA | ||
| 650 | 2 | 4 | _aDASHWOOD V FLEURETS LTD |
| 651 | 4 |
_aEngland _y886- |
|
| 690 | _aPROPERTY-COMMERCIAL PROPERTY-ACQUISITION AND DISPOSAL OF COMMERCIAL PROPERTY | ||
| 942 | _n0 | ||
| 999 |
_c79060 _d79060 |
||